| 000 | 00311nam a2200109Ia 4500 | ||
|---|---|---|---|
| 008 | 230907s9999||||xx |||||||||||||| ||und|| | ||
| 082 |
_a621.31028563 _bONG |
||
| 100 |
_aOngsakul, Weerakorn. _9115684 |
||
| 245 | 0 | _aArtificial intelligence in power system optimization / | |
| 300 | _aix, 510 pages : | ||
| 942 | _cBK | ||
| 999 |
_c600770 _d600770 |
||